|
|
|
|
| LEADER |
02147nam a2200421 a 4500 |
| 001 |
11801853 |
| 008 |
090519s1996 ne a b 001 0 eng d |
| 010 |
|
|
|a 99460421
|
| 040 |
|
|
|a CUY
|c CUY
|d UMC
|d COU
|d DLC
|
| 020 |
|
|
|a 2884491716 (hardcover)
|
| 020 |
|
|
|a 2884491724 (softcover)
|
| 082 |
0 |
0 |
|a 615.8/82/095
|2 21
|
| 100 |
1 |
|
|a Nichter, Mark.
|
| 245 |
1 |
0 |
|a Anthropology and international health :
|b Asian case studies /
|c Mark Nichter and Mimi Nichter.
|
| 250 |
|
|
|a [2nd ed.]
|
| 260 |
|
|
|a Amsterdam :
|b Gordon and Breach,
|c c1996.
|
| 300 |
|
|
|a xxiv, 455 p. ;
|c 24 cm.
|
| 490 |
1 |
|
|a Theory and practice in medical anthropology and international health ;
|v v. 3
|
| 500 |
|
|
|a "First edition ... published in 1989 as Anthropology and international health : South Asian case studies"--T.p. verso.
|
| 504 |
|
|
|a Includes bibliographical references and indexes.
|
| 541 |
1 |
|
|e 00015925
|
| 650 |
|
0 |
|a Social medicine
|z South Asia.
|
| 650 |
|
0 |
|a Medical anthropology
|z South Asia.
|
| 650 |
1 |
2 |
|a Social Medicine
|z India
|
| 650 |
1 |
2 |
|a Social Medicine
|z Sri Lanka
|
| 650 |
1 |
2 |
|a Social Medicine
|z Philippines
|
| 650 |
1 |
2 |
|a Public Health
|z Asia
|
| 650 |
2 |
2 |
|a Anthropology, Cultural
|z Asia
|
| 650 |
2 |
2 |
|a Cross-Cultural Comparison
|z Asia
|
| 650 |
2 |
2 |
|a Social Environment
|z Asia
|
| 700 |
1 |
|
|a Nichter, Mimi.
|
| 852 |
4 |
|
|a Ayesha Abed library
|j Generl Shelf
|
| 999 |
|
|
|c 836
|d 836
|
| 952 |
|
|
|0 0
|1 0
|2 ddc
|4 0
|6 615_882095000000000_NIC_2003
|7 0
|9 780
|a BRACUL
|b BRACUL
|c GEN
|d 2009-05-19
|l 1
|m 1
|o 615.882095 NIC
|p 3010015925
|r 2014-09-17
|s 2014-09-10
|t 1
|w 2009-05-19
|y BK
|
| 952 |
|
|
|0 0
|1 0
|2 ddc
|4 0
|6 615_882095000000000_NIC
|7 0
|9 43366
|a SCL
|b SCL
|c GEN
|d 2005-03-01
|l 0
|o 615.882095 NIC
|p 3020005224
|r 2014-07-23
|t 2
|w 2014-07-23
|y BK
|
| 952 |
|
|
|0 0
|1 0
|2 ddc
|4 0
|6 615_882095000000000_NIC
|7 0
|9 43367
|a SCL
|b SCL
|c GEN
|d 2005-03-01
|l 0
|o 615.882095 NIC
|p 3020005225
|r 2014-07-23
|t 3
|w 2014-07-23
|y BK
|
| 952 |
|
|
|0 0
|1 0
|2 ddc
|4 0
|6 615_882095000000000_NIC
|7 0
|9 43368
|a SCL
|b SCL
|c GEN
|d 2005-03-01
|l 0
|o 615.882095 NIC
|p 3020005223
|r 2014-07-23
|t 4
|w 2014-07-23
|y BK
|
| 952 |
|
|
|0 0
|1 0
|2 ddc
|4 0
|6 615_882095000000000_NIC
|7 0
|9 43369
|a SCL
|b SCL
|c GEN
|d 2005-03-01
|l 0
|o 615.882095 NIC
|p 3020005226
|r 2014-07-23
|t 5
|w 2014-07-23
|y BK
|